Jacques Frémeaux, De quoi fut fait l’Empire. Les guerres coloniales au xixe siècle. Paris, cnrs, coll. « Histoire », 2010, 576 p. Bibliographie, Index, 8 cartes. (notice n° 1651951)
[ vue normale ]
| 000 -LEADER | |
|---|---|
| fixed length control field | 00590cam a2200145 4500500 |
| 005 - DATE AND TIME OF LATEST TRANSACTION | |
| control field | 20260208005410.0 |
| 041 ## - LANGUAGE CODE | |
| Language code of text/sound track or separate title | fre |
| 042 ## - AUTHENTICATION CODE | |
| Authentication code | dc |
| 100 10 - MAIN ENTRY--PERSONAL NAME | |
| Personal name | Cochet, François |
| Relator term | author |
| 245 00 - TITLE STATEMENT | |
| Title | Jacques Frémeaux, De quoi fut fait l’Empire. Les guerres coloniales au xixe siècle. Paris, cnrs, coll. « Histoire », 2010, 576 p. Bibliographie, Index, 8 cartes. |
| 260 ## - PUBLICATION, DISTRIBUTION, ETC. | |
| Date of publication, distribution, etc. | 2011.<br/> |
| 500 ## - GENERAL NOTE | |
| General note | 5 |
| 786 0# - DATA SOURCE ENTRY | |
| Note | Revue historique | 656 | 4 | 2011-04-01 | p. 959x-1005x | 0035-3264 |
| 856 41 - ELECTRONIC LOCATION AND ACCESS | |
| Uniform Resource Identifier | <a href="https://shs.cairn.info/revue-historique-2010-4-page-959x?lang=fr&redirect-ssocas=7080">https://shs.cairn.info/revue-historique-2010-4-page-959x?lang=fr&redirect-ssocas=7080</a> |
Pas d'exemplaire disponible.




Réseaux sociaux